000 00369nam a2200145Ia 4500
008 240624s9999 xx 000 0 und d
041 _aeng
082 _a658.4038011 STA
100 _aSTAIR RALPH
245 _aPRINCIPLES OF INFORMATION SYSTEMS
250 _a(7th ed.)
260 _c2006
_aAustralia
_bThompson
300 _axxxv, : 758 : p. : cm. ; 28
365 _cRS
999 _c20498
_d20498